Normal view MARC view
  • Nemerov, Howard,

Entry Personal Name

Number of records used in: 1

001 - CONTROL NUMBER

  • control field: 153554

003 - CONTROL NUMBER IDENTIFIER

  • control field: DLC

005 - DATE AND TIME OF LATEST TRANSACTION

  • control field: 20260410145908.0

008 - FIXED-LENGTH DATA ELEMENTS

  • fixed length control field: 781117n| azannaabn |a aaa

010 ## - LIBRARY OF CONGRESS CONTROL NUMBER

  • LC control number: n 78084908

035 ## - SYSTEM CONTROL NUMBER

  • System control number: (OCoLC)oca00220136

040 ## - CATALOGING SOURCE

  • Original cataloging agency: DLC
  • Language of cataloging: eng
  • Description conventions: rda
  • Transcribing agency: DLC
  • Modifying agency: DLC
  • Modifying agency: OCoLC
  • Modifying agency: IEN
  • Modifying agency: NcU
  • Modifying agency: OkU
  • Modifying agency: OCoLC
  • Modifying agency: DLC
  • Modifying agency: MoSW

046 ## - SPECIAL CODED DATES

  • Birth date: 1920-03-01
  • Death date: 1991-07-05
  • Source of date scheme: edtf

053 #0 - LC CLASSIFICATION NUMBER

  • Classification number element--single number or beginning number of span: PS3527.E5

100 1# - HEADING--PERSONAL NAME

  • Personal name: Nemerov, Howard,
  • Dates associated with a name: 1920-1991

370 ## - ASSOCIATED PLACE

  • Associated country: United States
  • Source of term: naf

374 ## - OCCUPATION

  • Occupation: Poets
  • Source of term: lcsh

377 ## - ASSOCIATED LANGUAGE

  • Language code: eng

400 1# - SEE FROM TRACING--PERSONAL NAME

  • Control subfield: nnea
  • Personal name: Nemerov, Howard

670 ## - SOURCE DATA FOUND

  • Source citation: The image and the law, 1947.

670 ## - SOURCE DATA FOUND

  • Source citation: The melodramatists, c1949 (1992 printing):
  • Information found: CIP t.p. (Howard Nemerov) galley (d. 7-5-91)

670 ## - SOURCE DATA FOUND

  • Source citation: Info. converted from 678, 2012-10-02
  • Information found: (b. 1920; attended Harvard; teaches English at Hamilton College)

670 ## - SOURCE DATA FOUND

  • Source citation: Contemporary authors, volumes 1-4, first revision, 1967:
  • Information found: (Howard Nemerov, b. Mar. 1, 1920)
Devinim Yazılım Eğitim Danışmanlık tarafından Koha'nın orjinal sürümü uyarlanarak geliştirilip kurulmuştur.